| 000 | 00723nam a2200205 a 4500 | ||
|---|---|---|---|
| 001 | 000041956 | ||
| 003 | OSt | ||
| 005 | 20201106090358.0 | ||
| 008 | 131024s1976 dr c 000 0 spa d | ||
| 040 |
_aDO-SdBNP _bspa _cBNPHU |
||
| 082 |
_axxxx _bxxxx |
||
| 100 | 1 |
_aBelza, Juan Esteban _968874 |
|
| 245 | 1 | 3 |
_aEl pastor de los pobres y su mitra de plomo. : _bsemblaza de monseñor Ricardo Pittini, azobispo ciego, que sirvió a Santo Domingo en la era de Trujillo. / _cJuan Esteban Belza. |
| 260 |
_aSanto Domingo, : _bITESA, _c1976. |
||
| 300 |
_a285 p. : _bretr. ; _c20 cm. |
||
| 590 | _aInventariado, 2020 / DG | ||
| 710 | 2 |
_aInstituto técnico Salesiano _917768 |
|
| 910 | _aInventariado, 2020 / DG | ||
| 942 |
_2ddc _cLBS1 |
||
| 999 |
_c41445 _d41445 |
||